000 01912nam a2200517 i 4500
001 52561
003 KOSZ 005
005 20230119144103.0
008 060323s2005 pl a f f |000 0 pol
015 _aUWD 2007/10073
020 _a8371993706
035 _a991030022059705066
035 _a(PL-WaBN)b18099324-48omnis_nlop
035 _ab18099324
035 _a(OCoLC)749584820
035 _azz2006804470
035 _a(PL)b0000001809932
035 _a(EXLNZ-48OMNIS_NETWORK)9910331243605606
040 _aWA N/PBbj
_cWA N/PBbj
_dWA N/PBan
_dŁ 30/BSts
_dWA N/PBmas
_dWA N
_dKOSZ 005/HR
046 _k2005
080 _a004.42
080 _a004.92
080 _a(075.8)
100 1 _aPacana, Jacek
_eAutor
245 1 0 _aParametryczne projektowanie CAD z wykorzystaniem systemu Unigraphics NX /
_cJacek Pacana.
260 _aRzeszów :
_bOficyna Wydawnicza Politechniki Rzeszowskiej,
_c2005.
300 _a150, [1] s. :
_bil. ;
_c24 cm.
336 _aTekst
_btxt
_2rdacontent
337 _aBez urządzenia pośredniczącego
_bn
_2rdamedia
338 _aWolumin
_bnc
_2rdacarrier
380 _aKsiążki
388 _a2001-
504 _aBibliogr. s. [151].
521 8 _aSkrypt uczelniany dla studentów Wydziału Budowy Maszyn i Lotnictwa do ćwiczeń z przedmiotu "komputerowe modelowanie 3D".
650 7 _aProgramy graficzne
_2DBN
650 7 _aProjektowanie parametryczne
_2DBN
650 7 _aProjektowanie wspomagane komputerowo
_2DBN
650 7 _aUnigraphics
_2DBN
655 7 _aPodręczniki akademickie
_2DBN
658 _aInformatyka i technologie informacyjne
658 _aInżynieria i technika
710 2 _aOficyna Wydawnicza Politechniki Rzeszowskiej
_4pbl
856 _uhttp://koha.tu.koszalin.pl/cgi-bin/koha/opac-detail.pl?biblionumber=52561
_yKatalog online BPK
942 _2UKD
_cKS
999 _c52561
_d52561